| 000 | 02519cam a22004577i 4500 | ||
|---|---|---|---|
| 001 | 21885151 | ||
| 003 | NUST | ||
| 005 | 20220825162541.0 | ||
| 008 | 200921s2020 enk b 000 1 eng d | ||
| 010 | _a 2020445125 | ||
| 015 |
_aGBC0E8761 _2bnb |
||
| 016 | 7 |
_a019960173 _2Uk |
|
| 020 |
_a9781911585701 _q(paperback) |
||
| 020 |
_a1911585703 _q(paperback) |
||
| 035 | _a(OCoLC)on1139263085 | ||
| 038 | _aAzhar | ||
| 040 |
_aYDX _beng _cYDX _erda _dOCLCQ _dUKMGB _dNZAUC _dSINLB _dOCLCF _dCGU _dDLC |
||
| 042 | _alccopycat | ||
| 050 | 0 | 0 |
_aPR6102.O68 _bE95 2020 |
| 082 | 0 | 4 |
_a823.92 _bBOO |
| 100 | 1 |
_aBooth, Naomi, _eauthor. _998435 |
|
| 245 | 1 | 0 |
_aExit management _cNaomi Booth. |
| 260 |
_aGreat Britain : _bDead Ink, _c2020 |
||
| 300 |
_a289 pages ; _c20 cm |
||
| 336 |
_atext _btxt _2rdacontent |
||
| 337 |
_aunmediated _bn _2rdamedia |
||
| 338 |
_avolume _bnc _2rdacarrier |
||
| 504 | _aIncludes bibliographical references. | ||
| 520 | _a"At minus five degrees, even the densest blood materials start to turn: the beginnings of a human heart will still into black ice. Callum has been given an opportunity: Jozsef's house is the perfect place to live - plenty of room, a sought-after London location and filled with priceless works of art. All that Jozsef asks in return is for some company while he's ill and the promise that if it all gets too much, someone will be there to help him at the end. It's fortunate then, when Callum meets Lauren who works in Human Resources and specialises in getting rid of people. Jozsef welcomes them both inside, and so begins a deadly spiral of violence. Pushed ever onwards by the poison of ambition, and haunted by losses from the past, these characters are drawn together in a catastrophe of endings. Naomi Booth's second novel is a groundbreaking dissection of class, xenophobia and compassion. Exit Management will seize you in its cold hands and show you the dark heart within us all."--Provided by publisher. | ||
| 650 | 0 |
_aRoommates _vFiction. _922713 |
|
| 650 | 0 |
_aTerminally ill _vFiction. _998436 |
|
| 650 | 0 |
_aMurder _xPlanning _vFiction. _998437 |
|
| 650 | 0 |
_aAmbition _vFiction. _911573 |
|
| 650 | 0 |
_aChoice (Psychology) _vFiction. _998438 |
|
| 651 | 0 |
_aLondon (England) _vFiction. _97300 |
|
| 651 | 0 |
_aGreat Britain _xSocial conditions _y21st century _vFiction. _998439 |
|
| 906 |
_a7 _bcbc _ccopycat _d3 _encip _f20 _gy-gencatlg |
||
| 942 |
_2ddc _cLC |
||
| 999 |
_c591298 _d591298 |
||